00744nam a22002057a 4500999001900000005001700019010001300036020002600049035001300075037002600088082000600114100001000120245004400130260004100174270008800215300002200303490003000325942002000355952016300375 c175693d17569320200915151058.0 aB-732632 a9789388754088c399.00 aB-732632 bWestland Publications aN aAmish aRaavan:benemy of Aryavarta /cby Amish aChennaibWestland Publicationsc2019 a1st Floor, A Block, East Wing, Plot No. 40, SP Infocity, PerungudibChennaie600096 a374p.c20cm(pbk)  aRam Chandra Series Book 3 2ddccENmAMIhN 001040708FICaLbLd2020-09-15eGift/Eng/27.02.2020g399.00l9m10oN AMIpB-732632q2025-10-31r2025-08-11 00:00:00s2025-08-11t1v399.00w2020-09-15yEN